Random Currency by Country (Yellow Box) - Statistics

General Stats
  • This quiz has been taken 270 times
    9 since last reset
  • The average score is 12 of 20
Answer Stats
Country Currency % Correct
Andorra Andorra / European euro
100%
Australia Australian dollar
100%
Bahamas Bahamian dollar (alongside US dollar)
100%
Belarus Belarusian ruble
100%
Belize Belize dollar (alongside US dollar)
100%
Bosnia and Herzegovina Bosnia and Herzegovina convertible mark
100%
Brazil Brazilian real
100%
Burundi Burundi franc
100%
Cape Verde Cabo Verdean escudo
100%
Central African Republic Central African CFA franc
100%
Gabon Central African CFA franc
100%
Colombia Colombian peso
100%
Democratic Republic of the Congo Congolese franc
100%
Cuba Cuban peso
100%
Denmark Danish krone
100%
Djibouti Djiboutian franc
100%
Antigua and Barbuda East Caribbean dollar
100%
Saint Kitts and Nevis East Caribbean dollar
100%
Saint Vincent and the Grenadines East Caribbean dollar
100%
Croatia European euro
100%
Estonia European euro
100%
France European euro
100%
Greece European euro
100%
Ireland European euro
100%
Luxembourg European euro
100%
Netherlands European euro
100%
Slovenia European euro
100%
Spain European euro
100%
Guinea Guinean franc
100%
Haiti Haitian gourde (alongside US dollar)
100%
Iceland Icelandic krona
100%
India Indian rupee
100%
Jamaica Jamaican dollar
100%
Japan Japanese yen
100%
Liberia Liberian dollar (alongside US dollar)
100%
Libya Libyan dinar
100%
Madagascar Malagasy ariary
100%
Mexico Mexican peso
100%
Moldova Moldovan leu
100%
Mongolia Mongolian tugrik
100%
Myanmar Myanmar kyat
100%
Taiwan New Taiwan dollar
100%
New Zealand New Zealand dollar
100%
Nauru None (Australian and New Zealand dollar)
100%
Monaco None (European euro)
100%
Liechtenstein None (Swiss franc)
100%
El Salvador None (United States dollar)
100%
Marshall Islands None (United States dollar)
100%
Federated States of Micronesia None (United States dollar)
100%
Oman Omani rial
100%
Panama Panamanian balboa (alongside US dollar)
100%
Philippines Philippine peso
100%
United Kingdom Pound sterling
100%
Russia Russian ruble
100%
San Marino Sammarinese/European euro
100%
Singapore Singapore dollar
100%
South Korea South Korean won
100%
South Sudan South Sudanese pound
100%
Sri Lanka Sri Lankan rupee
100%
Sudan Sudanese pound
100%
Sweden Swedish krona
100%
Switzerland Swiss franc
100%
Turkey Turkish lira
100%
Ukraine Ukrainian hryvnia
100%
Uruguay Uruguayan peso (alongside US dollar)
100%
Vatican City Vatican/European euro
100%
Ivory Coast West African CFA franc
100%
Senegal West African CFA franc
100%
Venezuela Venezuelan bolivar
67%
Mali West African CFA franc
67%
Yemen Yemeni rial
67%
Republic of the Congo Central African CFA franc
50%
Dominican Republic Dominican peso
50%
Dominica East Caribbean dollar
50%
Kenya Kenyan shilling
50%
Morocco Moroccan dirham
50%
Kosovo None (European euro)
50%
North Korea North Korean won (alongside others)
50%
Poland Polish zloty
50%
São Tomé and Príncipe Sao Tome and Principe dobra
50%
Saudi Arabia Saudi Arabian riyal
50%
Uganda Ugandan shilling
50%
Bhutan Bhutanese ngultrum
33%
Laos Lao kip
33%
Afghanistan Afghan afghani
0%
Albania Albanian lek
0%
Algeria Algerian dinar
0%
Angola Angolan kwanza
0%
Argentina Argentine peso
0%
Armenia Armenian dram
0%
Azerbaijan Azerbaijan manat
0%
Bahrain Bahraini dinar
0%
Bangladesh Bangladeshi taka
0%
Barbados Barbadian dollar (alongside US dollar)
0%
Bolivia Bolivian boliviano
0%
Botswana Botswana pula
0%
Brunei Brunei dollar
0%
Cambodia Cambodian riel (alongside US dollar)
0%
Canada Canadian dollar
0%
Cameroon Central African CFA franc
0%
Chad Central African CFA franc
0%
Equatorial Guinea Central African CFA franc
0%
Chile Chilean peso
0%
China Chinese Yuan Renminbi
0%
Comoros Comorian franc
0%
Costa Rica Costa Rican colon (alongside US dollar)
0%
Czech Republic Czech koruna
0%
Grenada East Caribbean dollar
0%
Saint Lucia East Caribbean dollar
0%
Egypt Egyptian pound
0%
Eritrea Eritrean nakfa
0%
Ethiopia Ethiopian birr
0%
Austria European euro
0%
Belgium European euro
0%
Bulgaria European euro
0%
Cyprus European euro
0%
Finland European euro
0%
Germany European euro
0%
Italy European euro
0%
Latvia European euro
0%
Lithuania European euro
0%
Malta European euro
0%
Portugal European euro
0%
Slovakia European euro
0%
Fiji Fijian dollar
0%
Gambia Gambian dalasi
0%
Georgia Georgian lari
0%
Ghana Ghanaian cedi
0%
Guatemala Guatemalan quetzal
0%
Guyana Guyanese dollar
0%
Honduras Honduran lempira (alongside US dollar)
0%
Hungary Hungarian forint
0%
Indonesia Indonesian rupiah
0%
Iran Iranian rial
0%
Iraq Iraqi dinar (alongside US dollar)
0%
Israel Israeli new shekel
0%
Jordan Jordanian dinar
0%
Kazakhstan Kazakhstani tenge
0%
Kuwait Kuwaiti dinar
0%
Kyrgyzstan Kyrgyzstani som
0%
Lebanon Lebanese pound (alongside US dollar)
0%
Lesotho Lesotho loti
0%
North Macedonia Macedonian denar
0%
Malawi Malawian kwacha
0%
Malaysia Malaysian ringgit
0%
Maldives Maldivian rufiyaa
0%
Mauritania Mauritanian ouguiya
0%
Mauritius Mauritian rupee
0%
Mozambique Mozambican metical
0%
Namibia Namibian dollar
0%
Nepal Nepalese rupee
0%
Nicaragua Nicaraguan cordoba
0%
Nigeria Nigerian naira
0%
Kiribati None (Australian dollar)
0%
Tuvalu None (Australian dollar)
0%
Montenegro None (European euro)
0%
East Timor None (United States dollar)
0%
Ecuador None (United States dollar)
0%
Palau None (United States dollar)
0%
Norway Norwegian krone
0%
Pakistan Pakistani rupee
0%
Papua New Guinea Papua New Guinean kina
0%
Paraguay Paraguayan guarani
0%
Peru Peruvian sol
0%
Qatar Qatari riyal
0%
Romania Romanian leu
0%
Rwanda Rwandan franc
0%
Samoa Samoan tala
0%
Serbia Serbian dinar
0%
Seychelles Seychellois rupee
0%
Sierra Leone Sierra Leonean leone
0%
Solomon Islands Solomon Islands dollar
0%
Somalia Somali shilling (alongside US dollar)
0%
South Africa South African rand
0%
Suriname Surinamese dollar
0%
Eswatini Swazi lilangeni
0%
Syria Syrian pound
0%
Tajikistan Tajikistani somoni
0%
Tanzania Tanzanian shilling
0%
Thailand Thai baht
0%
Tonga Tongan pa’anga
0%
Trinidad and Tobago Trinidad and Tobago dollar
0%
Tunisia Tunisian dinar
0%
Turkmenistan Turkmen manat
0%
United Arab Emirates UAE dirham
0%
United States United States dollar
0%
Uzbekistan Uzbekistani som
0%
Vanuatu Vanuatu vatu
0%
Vietnam Vietnamese dong
0%
Benin West African CFA franc
0%
Burkina Faso West African CFA franc
0%
Guinea-Bissau West African CFA franc
0%
Niger West African CFA franc
0%
Togo West African CFA franc
0%
Zambia Zambian kwacha
0%
Zimbabwe Zimbabwe gold (alongside others)
0%
No matching quizzes found
Score Distribution
Percent of People with Each Score
Percentile by Number Answered
Your Score History
You have not taken this quiz since the last reset